000 00312cam a2200145ua 4500
041 _amal
_h
082 _a894.812308
_bNAR/MA
100 _aNarayanapillai, M R .
245 _aMadanasena
260 _aCalicut :
_bP.K brothers ,
_c1961.
300 _a338 ; .
504 _a
942 _cBK
999 _c435
_d435